| Tag |
First Indicator |
Second Indicator |
Subfields |
| LEADER |
00000cam a2200000 a 4500 |
| 001 |
in00000085179 |
| 005 |
20151008055800.0 |
| 008 |
720203s1971 maua b 00110 engm |
| 010 |
|
|
|a 71158160
|
| 020 |
|
|
|a 0262040344
|c $12.50
|
| 035 |
|
|
|a (OCoLC)00246784
|
| 035 |
|
|
|9 AAJ4376AM
|
| 040 |
|
|
|a DLC
|c DLC
|d m.c.
|d TXA
|d UtOrBLW
|
| 043 |
|
|
|a n-us---
|
| 049 |
|
|
|a TXAM
|c 1 [1502440],2 [1322246]
|
| 050 |
0 |
0 |
|a TH4819.P7
|b D5
|
| 082 |
0 |
|
|a 693.9/7
|
| 100 |
1 |
|
|a Dietz, Albert G. H.
|q (Albert George Henry),
|d 1908-
|
| 245 |
1 |
0 |
|a Industrialized building systems for housing /
|c edited by Albert G.H. Dietz, Laurence S. Cutler.
|
| 264 |
|
1 |
|a Cambridge, Mass. :
|b MIT Press,
|c [1971]
|
| 264 |
|
4 |
|c ©1971
|
| 300 |
|
|
|a 260 pages :
|b illustrations ;
|c 26 cm.
|
| 336 |
|
|
|a text
|b txt
|2 rdacontent
|
| 337 |
|
|
|a unmediated
|b n
|2 rdamedia
|
| 338 |
|
|
|a volume
|b nc
|2 rdacarrier
|
| 500 |
|
|
|a Papers selected from 2 M.I.T. special summer sessions: Aug. 18-29, 1969 and June 16-20, 1970.
|
| 500 |
|
|
|a Includes index.
|
| 504 |
|
|
|a Bibliography: pages [253-255].
|
| 650 |
|
0 |
|a Prefabricated houses.
|
| 650 |
|
0 |
|a Industrialized building
|z United States.
|
| 650 |
|
0 |
|a Housing
|z United States.
|
| 700 |
1 |
|
|a Cutler, Laurence S.
|
| 999 |
|
|
|a MARS
|
| 999 |
f |
f |
|s 63b1c1e5-cd4a-358a-9ddb-53fca751c5fc
|i 15d4dd88-cfa1-3e36-a94b-9b71a1e7c259
|t 0
|
| 952 |
f |
f |
|p normal
|a Texas A&M University
|b College Station
|c Sterling C. Evans Library
|d Evans: Library Stacks
|t 0
|e TH4819.P7 D5
|h Library of Congress classification
|i unmediated -- volume
|m A14806247673
|
| 998 |
f |
f |
|a TH4819.P7 D5
|t 0
|l Evans: Library Stacks
|